| 000 | 00722nam a22002657a 4500 | ||
|---|---|---|---|
| 001 | 125130 | ||
| 003 | UA-OsUOA | ||
| 005 | 20220417151443.0 | ||
| 007 | ta | ||
| 008 | 20170907b un ||||| |||| 00| 0 ukr d | ||
| 020 | _a966671017 | ||
| 040 |
_aUA-OsUOA _bukr _cUA-OsUOA _dUA-OsUOA |
||
| 041 | _aukr | ||
| 080 | _a821.161.2 | ||
| 090 |
_a821.161.2 _bЧ-43 |
||
| 100 | _aЧендей І. | ||
| 245 | _aВибране | ||
| 260 |
_aУжгород _bКарпати _c2003 |
||
| 300 | _a517 с. | ||
| 505 |
_gТ. 2 _tОповідання, роман |
||
| 650 | 7 |
_a821 Художня література _2UDC |
|
| 942 |
_cBK _2udc |
||
| 955 | _a3 | ||
| 999 |
_c412354 _d412354 |
||